000 00653nam a2200241Ia 4500
003 OSt
005 20221005050403.0
006 a|||||r|||| 00| 0
007 ta
008 221004b |||||||| |||| 00| 0 mal d
024 _a58411
037 _cTextual
040 _aCRL
_cCRL
_bmal
041 _2mal
_amal
082 _aQ2:23k, 32K6.1
100 _aKartha R. Vasudevan
_9594676
245 0 _aPuranakatha nighandu
260 _aKottayam
_bVidyarthi Mithram Press India
_c1966
300 _a376p.
_ccm.
650 _aRELIGION
942 _hQ2:23k, 32K6.1
_cTEXL
_2cc
999 _c956950
_d956950